1541 1592 1566 1589 1316 1647 1155 1032 1512 1670 1947 1299 1189 1434 1204 1396 1324 1785 1155 1274 1059 1724 1170 1621 1805 1641 1621 1520 1112 1130 1278 1061 1515 1493 1220 1142 1688 1496 1623 1541 1406 1180 1121 1836 1654 1550 1493 1535 1458 1679 1795 1959 1688 1342 1570 1738 1064 1002 1618 1420 1806 1203 1582 1307 1765 1718 1808 1043 1130 1806 1268 1677 1462 1519 1519 1351 1909 1623 1291 1530 1917 1617 1924 1219 1045 1754 1569 1646 1110 1110 1103 1953 1014 1503 1506 1363 1280 1145 1640 BCNSPRNW ULIB Ver.6.0+V

เปลี่ยนเป็นภาษาไทย

Change to English
 แสดงรายละเอียดบรรณานุกรม
  กลับหน้าหลัก

Brief Record : Get Marc (ISO 2709) : E-mail record : QR code < ปิดหน้าต่าง
LEADER : 00000nam 2200000uu 4500
001    13399120549
003     ULIB
008    120927s2546||||th 000 0 tha d
020    ^a9749593553
060  4 ^aWX153^bน779 2546
110 1  ^aสถาบันพัฒนาและรับรองคุณภาพโรงพยาบาล
245 00 ^aBest Practices in Patient Safety/^cสถาบันพัฒนาและรับรองคุณภาพโรงพยาบาล
250    ^aพิมพ์ครั้งที่ 1
260    ^aกรุงเทพฯ:^bสถาบันพัฒนาและรับรองคุณภาพโรงพยาบาล,^c2546
300    ^a294
650  7 ^aบริการทางการแพทย์
650  7 ^aโรงพยาบาล^xการบริหาร
945    ^p295^l0^i13878
995    ^aวิภา
999 ^a ใช้งานได้ทุกระบบ
รายการนี้ยังไม่มีแท็ก
คุณยังไม่ได้ล็อกอิน คุณสามารถมีกิจกรรมร่วมกับเว็บไซต์ได้ แต่ต้องล็อกอินก่อน ::
  ล็อกอิน

รายการสื่อสารสนเทศ

ลำดับที่ ประเภท เลขเรียก/บาร์โค้ด สถานที่ สถานะ
1. วิทยาศาสตร์การแพทย์ และสุขภาพ
วิทยาศาสตร์การแพทย์ และสุขภาพ
WX153 น779 2546  
  Barcode: 13878
ห้องสมุดวิทยาเขตสวรรค์ประชารักษ์
►หนังสือทั่วไป
บนชั้น

รายการใกล้เคียง
    หัวเรื่อง [บริการทางการแพทย์]

BibComment


ยังไม่เคยถูกคอมเมนท์

คอมเมนท์ทรัพยากรรายการนี้
  คอมเมนท์: Best Practices i..


 Copyright 2026. Bcnsprnw @Library